The design of cost management systems : text, cases, and readings (Record no. 70202)

000 -LEADER
fixed length control field 00476nam a22001697a 4500
003 - CONTROL NUMBER IDENTIFIER
control field NUST - PNEC
005 - DATE AND TIME OF LATEST TRANSACTION
control field 20170116181135.0
008 - FIXED-LENGTH DATA ELEMENTS--GENERAL INFORMATION
fixed length control field 151007b xxu||||| |||| 00| 0 eng d
020 ## - INTERNATIONAL STANDARD BOOK NUMBER
International Standard Book Number 0132027895
040 ## - CATALOGING SOURCE
Transcribing agency LIBRARY
082 ## - DEWEY DECIMAL CLASSIFICATION NUMBER
Classification number 658.1511 COO
100 ## - MAIN ENTRY--PERSONAL NAME
9 (RLIN) 14260
Personal name Cooper, Robin
245 ## - TITLE STATEMENT
Title The design of cost management systems : text, cases, and readings
Statement of responsibility, etc. Robin,Cooper
260 ## - PUBLICATION, DISTRIBUTION, ETC.
Date of publication, distribution, etc. c 1991
650 ## - SUBJECT ADDED ENTRY--TOPICAL TERM
9 (RLIN) 14262
Topical term or geographic name entry element Managerial accounting
General subdivision General
942 ## - ADDED ENTRY ELEMENTS (KOHA)
Source of classification or shelving scheme
Koha item type Book
Holdings
Withdrawn status Lost status Source of classification or shelving scheme Damaged status Not for loan Permanent Location Current Location Shelving location Date acquired Total Checkouts Full call number Barcode Date last seen Price effective from Koha item type
          Pakistan Navy Engineering College (PNEC) Pakistan Navy Engineering College (PNEC)   10/07/2015   658.1511 COO PNECLIB-018437 10/07/2015   Book
© 2023 Central Library, National University of Sciences and Technology. All Rights Reserved.